We can do hard things : (Record no. 126770)

MARC details
000 -LEADER
campo de control de longitud fija 04406cam a22005058i 4500
001 - NÚMERO DE CONTROL
campo de control 24204920
003 - IDENTIFICADOR DE NÚMERO DE CONTROL
campo de control DLC
005 - FECHA Y HORA DE LA ÚLTIMA TRANSACCIÓN
campo de control 20260424120423.0
007 - CAMPO FIJO DE DESCRIPCIÓN FÍSICA--INFORMACIÓN GENERAL
campo de control de longitud fija ta
008 - DATOS DE LONGITUD FIJA--INFORMACIÓN GENERAL
campo de control de longitud fija 250515s2025 nyua 000 0 eng
010 ## - NÚMERO DE CONTROL DE LA BIBLIOTECA DEL CONGRESO
Número de control de LC 2025014506
020 ## - NÚMERO INTERNACIONAL ESTÁNDAR DEL LIBRO
Número Internacional Estándar del Libro 9780593977644 (hardcover)
020 ## - NÚMERO INTERNACIONAL ESTÁNDAR DEL LIBRO
Número Internacional Estándar del Libro 0593977645 (hardcover)
020 ## - NÚMERO INTERNACIONAL ESTÁNDAR DEL LIBRO
ISBN cancelado o inválido 9780593977668
Información calificativa ebook
035 ## - NÚMERO DE CONTROL DEL SISTEMA
Número de control de sistema (DLC)24204920
040 ## - FUENTE DE CATALOGACIÓN
Centro catalogador/agencia de origen DLC
Lengua de catalogación eng
Normas de descripción rda
Centro/agencia transcriptor DLC
Centro/agencia modificador DLC
-- DLC-MRC
-- DLC
-- DLC-MRC
-- DLC
041 ## - CÓDIGO DE IDIOMA
Código de lengua del texto/banda sonora o título independiente eng
042 ## - CÓDIGO DE AUTENTICACIÓN
Código de autenticación pcc
050 14 - SIGNATURA TOPOGRÁFICA DE LA BIBLIOTECA DEL CONGRESO
Número de clasificación BF 637
Número de ítem D754w 2025
082 00 - NÚMERO DE LA CLASIFICACIÓN DECIMAL DEWEY
Número de clasificación 158.1
100 1# - ENTRADA PRINCIPAL--NOMBRE DE PERSONA
Nombre de persona Doyle, Glennon,
Fechas asociadas al nombre 1976-
9 (RLIN) 47878
245 10 - MENCIÓN DEL TÍTULO
Título We can do hard things :
Resto del título answers to life's 20 questions /
Mención de responsabilidad, etc. Glennon Doyle, Abby Wambach and Amanda Doyle.
250 ## - MENCION DE EDICION
Mención de edición First edition.
264 #1 - PRODUCCIÓN, PUBLICACIÓN, DISTRIBUCIÓN, FABRICACIÓN Y COPYRIGHT
Producción, publicación, distribución, fabricación y copyright New York, NY :
Nombre del de productor, editor, distribuidor, fabricante The Dial Press, an imprint of Random House,
Fecha de producción, publicación, distribución, fabricación o copyright 2025.
300 ## - DESCRIPCIÓN FÍSICA
Extensión xiii, 497 pages :
Otras características físicas illustrations ;
Dimensiones 24 cm
336 ## - TIPO DE CONTENIDO
Término de tipo de contenido text
Código de tipo de contenido txt
Fuente rdacontent
Número de control del registro de autoridad o número normalizado http://id.loc.gov/vocabulary/contentTypes/txt
337 ## - TIPO DE MEDIO
Nombre/término del tipo de medio unmediated
Código del tipo de medio n
Fuente rdamedia
Número de control del registro de autoridad o número normalizado http://id.loc.gov/vocabulary/mediaTypes/n
338 ## - TIPO DE SOPORTE
Nombre/término del tipo de soporte volume
Código del tipo de soporte nc
Fuente rdacarrier
Número de control del registro de autoridad o número normalizado http://id.loc.gov/vocabulary/carriers/nc
340 ## - MEDIO FÍSICO
Número de control del registro de autoridad o número normalizado http://id.loc.gov/vocabulary/millus/ill
505 0# - NOTA DE CONTENIDO CON FORMATO
Nota de contenido con formato Why am I like this?<br/>Who am I really?<br/>How do I know when I've lost myself?<br/>How do I return to myself?<br/>How do I figure out what I want?<br/>How do I know what to do?<br/>How do I do the hard thing?<br/>How do I let go?<br/>How do I go on?<br/>How do I make peace with my body?<br/>How do I make and keep friends?<br/>How do I love my person?<br/>Sex. Am I doing this right?<br/>Parenting. Why is it so hard?<br/>Why can't I be happy?<br/>Why am I so angry?<br/>How do I forgive?<br/>How do I get unstuck?<br/>How do I feel better right now?<br/>What's the point?
520 ## - RESUMEN, ETC.
Sumario, etc. "Every day, Glennon Doyle spirals around the same questions: Why am I like this? How do I figure out what I want? How do I know what to do? Why can't I be happy? Am I doing this right? Each morning, she's somehow forgotten all the answers. She wonders: I'm almost fifty years old. I've learned a whole lot. Why do I wake up every day having forgotten everything I know? Her sister, Amanda, and her wife, Abby, are the people Glennon calls first when she's drowning, because they are her life preservers. Recently, in the span of a single year, Glennon was diagnosed with anorexia, Amanda was diagnosed with breast cancer, and Abby lost her beloved brother. For the first time, they were all drowning at the same time. So they turned toward the only thing that's ever saved them: deep, honest conversations with other brave, kind, wise people. They asked each other, their dearest friends, and 118 of the world's most brilliant wayfinders: Do you spiral around these questions all day, too? Do you have any answers? Two things became thrillingly clear: 1. We are not alone: Everyone swirls around the same 20 human questions. 2. We do not have to stay lost: There are answers. As they wrote down every life-saving answer they discovered, they realized they were creating their own personal survival guide. We Can Do Hard Things is that survival guide. This book is a place to turn to when you feel clueless and alone; when you need language for how you feel; when you need clarity in the chaos. A place not to learn-but to remember-what you already know. A place to save yourself, again and again"-- Provided by publisher.
650 #0 - PUNTO DE ACCESO ADICIONAL DE MATERIA--TÉRMINO DE MATERIA
Término de materia o nombre geográfico como elemento de entrada Self-actualization (Psychology)
650 #4 - PUNTO DE ACCESO ADICIONAL DE MATERIA--TÉRMINO DE MATERIA
Término de materia o nombre geográfico como elemento de entrada Autorrealización (Psicología)
9 (RLIN) 1304
650 #0 - PUNTO DE ACCESO ADICIONAL DE MATERIA--TÉRMINO DE MATERIA
Término de materia o nombre geográfico como elemento de entrada Self-realization
650 #4 - PUNTO DE ACCESO ADICIONAL DE MATERIA--TÉRMINO DE MATERIA
Término de materia o nombre geográfico como elemento de entrada Autorrealización
9 (RLIN) 2446
700 1# - ENTRADA AGREGADA--NOMBRE PERSONAL
Nombre de persona Wambach, Abby,
Fechas asociadas al nombre 1980-
9 (RLIN) 47879
700 1# - ENTRADA AGREGADA--NOMBRE PERSONAL
Nombre de persona Doyle, Amanda
Títulos y otros términos asociados al nombre (Podcaster)
9 (RLIN) 47880
758 ## - IDENTIFICADOR DEL RECURSO
URI de un objeto del mundo real http://id.loc.gov/resources/instances/24204920
758 ## - IDENTIFICADOR DEL RECURSO
Relación http://id.loc.gov/ontologies/bibframe/instanceOf
URI de un objeto del mundo real http://id.loc.gov/resources/works/24204920
776 1# - ENTRADA DE FORMULARIO FÍSICO ADICIONAL
Información de relación Online version
Relación http://id.loc.gov/entities/relationships/onlineversion
Encabezamiento principal Doyle, Glennon, 1976-
Título We can do hard things
Edición First edition
Lugar, editor y fecha de publicación New York, NY : The Dial Press, [2025]
Número Internacional Estándar del Libro 9780593977668
Número de control del registro (DLC) 2025014507
884 ## - Información sobre la conversión de la descripción
Proceso de conversión DLC bibframe2marc v3.0-dev
Fecha de conversión 20250820
Agencia que convierte los datos DLC
Identificador Uniforme de Recursos https://github.com/lcnetdev/bibframe2marc/tree/v3.0-dev
906 ## - ELEMENTOS DE DATOS F LOCAL, LDF (RLIN)
a 7
b cbc
c orignew
d 1
e ecip
f 20
g y-gencatlg
942 ## - ELEMENTOS DE ENTRADA SECUNDARIOS (KOHA)
Fuente del sistema de clasificación o colocación Clasificación de Library of Congress
Tipo de ítem Koha Libro
Holdings
Estatus retirado Estado de pérdida Fuente del sistema de clasificación o colocación Estado de daño No para préstamo Colección Biblioteca de origen Biblioteca actual Ubicación en estantería Fecha de adquisición Signatura topográfica completa Código de barras Visto por última vez Copia número Tipo de ítem Koha
    Clasificación de Library of Congress     Humanidades Biblioteca Juan Bosch Biblioteca Juan Bosch Humanidades (4to. Piso) 13/04/2026 BF 637 D754w 2025 00000198931 13/04/2026 1 Libro